| 000 | 00544nam a22001817a 4500 | ||
|---|---|---|---|
| 999 |
_c5404 _d5404 |
||
| 003 | GBCCL | ||
| 005 | 20241126110541.0 | ||
| 008 | 180316b ||||| |||| 00| 0 eng d | ||
| 040 | _cgbc | ||
| 082 |
_a266.0095417 _bVAI |
||
| 100 |
_aVaiphei, Th. Lamboi _99708 |
||
| 245 |
_aAdvent of Christian Mission and Its Impact on the hill-Tribes in Manipur / _cTh. Lamboi Vaiphei |
||
| 260 |
_bAuthor, _aImphal: _c1997 |
||
| 300 |
_a201 p.; _c21 cm. |
||
| 650 |
_aMissions _zManipur _zIndia _95090 |
||
| 650 |
_aTribals _zManipur _99709 |
||
| 942 |
_2ddc _cBK _042 |
||